00734nam a22002297a 450000500170000000800410001702000180005804000180007608200180009410000260011224500830013825000120022126000480023330000290028165000310031065000280034165000310036965000260040065000240042665000210045065000330047120260102101336.0250314b ||||| |||| 00| 0 eng d a9789391820756 cAIMIT LIBRARY a005.764bMANA aManzoor, A .K. Sheik. aMultivariate data analysis using R /cBy A.K Sheik Manzoor and Ganesh Kumar R. a1st ed. aNew Delhi :bSultan Chand & Company,c2024. aiv,130 p.;bPBc22.5 cm. aMultivariate data analysis 2Characteristics of Data 2Multiple linear regression 2Discriminant analysis 2Logistic regression 2Cluster analysis aConfirmatory factor analysis